000 00714nam a2200289Ia 4500
005 20260324134329.0
008 008 260324s9999 xx 000 0 eng d
020 _a9780203954119
037 _aEBOOK
040 _aCRL
040 _beng
040 _cCRL
041 _2eng
041 _aeng
084 _qCRL
100 _aLaurie J. Churchill; Jane E. Jeffrey; Phyllis R. Brown
_91196410
245 0 _aWomen Writing Latin
245 0 _bMedieval Modern Women Writing Latin
260 _bTaylor and Francis
260 _c2002
365 _a
365 _b255
856 _uhttp://www.taylorfrancis.com/books/9780203954119
942 _cEBOOK
999 _c1796396
_d1796396